| 000 | 00823nam a2200301Ia 4500 | ||
|---|---|---|---|
| 008 | 160803s9999 xx 000 0 und d | ||
| 020 | _a9780545446839 | ||
| 100 | _aPalatini, Margie | ||
| 245 | _aGoldie and the three hares / | ||
| 245 | _cby Margie Palatini ; illustrated by Jack E. Davis. | ||
| 260 | _aNew York : | ||
| 260 | _bScholastic Inc. | ||
| 260 | _c2011 | ||
| 300 | _a1 volume (unpaged) : | ||
| 300 | _bcolor illustrations ; | ||
| 300 | _c28 cm | ||
| 500 | _a"First Scholastic printing, January 2012"--Title, verso. | ||
| 650 | _aBehavior -- | ||
| 650 | _aCharacters in literature -- | ||
| 650 | _aHares -- | ||
| 650 | _aHospitality -- | ||
| 650 | _aHumorous stories. | ||
| 650 | _xFiction. | ||
| 650 | _xFiction. | ||
| 650 | _xFiction. | ||
| 650 | _xFiction. | ||
| 700 | _a610 | ||
| 999 |
_c299087 _d299087 |
||